Vantaa - monivalintavisa - Statistics

Yleistilastot
  • Tätä visaa on pelattu 75 kertaa
  • Keskiarvotulos 4 / 10
Vastaustilastot
Kysymys Vastaus % Oikein
Mikä oli Vantaan nimi ennen vuotta 1972 noin sadan vuoden ajan? Helsingin maalaiskunta
88%
Mikä on Vantaan suosituin nähtävyys? tiedekeskus Heureka
72%
Mikä on Aviapolis? kaikki vaihtoehdoista ovat oikein
55%
Minkä näistä pääkonttori EI sijaitse Vantaalla? VR
54%
Mitä eläintä esittävä valtava taideteos on tarkoitus julkistaa Vantaan Tikkurilassa joulukuussa 2025? korppia
46%
Vantaalla on kaksikielisistä kunnista vähiten ruotsinkielisiä väkilukuun suhteutettuna. Missä sen kaupunginosista ruotsinkielisten osuus on prosentuaalisesti suurin? Kuninkaanmäessä
34%
Minkä niminen on Vantaan vanhin luonnonsuojelualue? Tammiston luonnonsuojelualue
29%
Kuka heistä EI OLE kotoisin Vantaalta
23%
Milloin Myyrmannin kauppakeskus avattiin? 90-luvulla
23%
Kuinka lähellä merenrantaa Vantaan kunta on lähimmillään? noin kilometrin
11%
Ehtoja vastaavia visoja ei löytynyt
Tulosjakauma
Jokaisen tuloksen saaneiden osuus
Persentiili vastausten määrän mukaan
Tuloshistoriasi
Et ole pelannut tätä visaa